[Event "GER-ch U10 Girls"]
[Site "Willingen"]
[Date "2023.06.02"]
[Round "9"]
[White "Klymenko, Mariia1111"]
[Black "Zietz, Leni"]
[Result "1-0"]
[WhiteElo "1039"]
[BlackElo "893"]
[PlyCount "145"]
[EventDate "2023.05.27"]
[EventType "swiss"]
[EventRounds "11"]
[EventCountry "GER"]
[SourceTitle "CBM 214 Extra"]
[Source "ChessBase"]
[SourceDate "2023.07.31"]
[SourceVersion "1"]
[SourceVersionDate "2023.07.31"]
[SourceQuality "1"]

1. e4 c5 2. Nc3 Nc6 3. f4 g6 4. Nf3 Bg7 5. Bb5 Nf6 6. 0-0 0-0 7. d3 a6 8. Bc4 d6 9. Qe1 Be6 10. Bxe6 fxe6 11. Qh4 Nd4 12. Bd2 Qb6 13. b3 c4 14. Kh1 Nxc2 15. Rac1 Nd4 16. dxc4 Nxf3 17. Rxf3 Qd4 18. Be3 Qd3 19. Rh3 h6 20. Qe1 Nxe4 21. Bb6 Qd2 22. Nxe4 Qxe1+ 23. Rxe1 Rxf4 24. Ng3 e5 25. Be3 Rf6 26. Bxh6 e6 27. Bxg7 Kxg7 28. Ne4 Rf4 29. Nxd6 Raf8 30. g3 Rf1+ 31. Rxf1 Rxf1+ 32. Kg2 Ra1 33. a4 Rd1 34. Nxb7 e4 35. Rh4 Re1 36. Kf2 Rb1 37. Rxe4 Rxb3 38. Nc5 Rb2+ 39. Ke3 Rb6 40. Rxe6 Rb1 41. Rxa6 Re1+ 42. Kf4 Rf1+ 43. Ke5 Re1+ 44. Ne4 Re2 45. h4 Rc2 46. c5 Rc4 47. c6 Kf7 48. Ra7+ Ke8 49. c7 Kd7 50. Kd5 Rxc7 51. Rxc7+ Kxc7 52. Ke6 Kc6 53. Kf6 Kd5 54. a5 Kc6 55. a6 Kc7 56. Kxg6 Kb6 57. h5 Kxa6 58. h6 Kb5 59. h7 Kc4 60. h8Q Kd5 61. Qh5+ Kxe4 62. Kf6 Kd4 63. g4 Ke4 64. Qe5+ Kf3 65. Qd4 Ke2 66. Qc3 Kf2 67. g5 Ke2 68. g6 Kf2 69. g7 Ke2 70. g8Q Kf2 71. Qgg3+ Ke2 72. Qg2+ Kd1 73. Qa1# 1-0

[Event "GER-ch U10 Girls"]
[Site "Willingen"]
[Date "2023.05.31"]
[Round "7"]
[White "Ebel, Io Cornelia"]
[Black "Zietz, Leni"]
[Result "0-1"]
[WhiteElo "768"]
[BlackElo "893"]
[PlyCount "56"]
[EventDate "2023.05.27"]
[EventType "swiss"]
[EventRounds "11"]
[EventCountry "GER"]
[SourceTitle "CBM 214 Extra"]
[Source "ChessBase"]
[SourceDate "2023.07.31"]
[SourceVersion "1"]
[SourceVersionDate "2023.07.31"]
[SourceQuality "1"]

1. e4 c5 2. c4 g6 3. Nc3 Nc6 4. g3 Bg7 5. Bg2 Nf6 6. Nge2 0-0 7. 0-0 d6 8. b3 Be6 9. d4 cxd4 10. Nxd4 Ng4 11. Nxe6 fxe6 12. Qxg4 Bxc3 13. Qxe6+ Rf7 14. Rb1 Nd4 15. Qd5 e6 16. Qxe6 Nxe6 17. Bh3 Re7 18. Bh6 Bg7 19. Bxg7 Kxg7 20. Rbd1 Ng5 21. Bg2 Nxe4 22. Rfe1 Nc3 23. Rc1 Rxe1+ 24. Rxe1 Qa5 25. Re7+ Kf8 26. Rxb7 Ne2+ 27. Kh1 Qe1+ 28. Bf1 Qxf1# 0-1

[Event "GER-ch U10 Girls"]
[Site "Willingen"]
[Date "2023.05.29"]
[Round "3"]
[White "Zietz, Leni"]
[Black "Ruddat, Maila"]
[Result "0-1"]
[WhiteElo "893"]
[BlackElo "1024"]
[PlyCount "82"]
[EventDate "2023.05.27"]
[EventType "swiss"]
[EventRounds "11"]
[EventCountry "GER"]
[SourceTitle "CBM 214 Extra"]
[Source "ChessBase"]
[SourceDate "2023.07.31"]
[SourceVersion "1"]
[SourceVersionDate "2023.07.31"]
[SourceQuality "1"]

1. d4 d5 2. Nf3 Nc6 3. Bf4 Bf5 4. c3 Nf6 5. e3 e6 6. Be2 Bd6 7. Bg3 Nb8 8. Nbd2 0-0 9. 0-0 c5 10. Ne5 Qc7 11. Ndf3 Nc6 12. Nxc6 Qxc6 13. Bxd6 Qxd6 14. Ne5 c4 15. b3 b5 16. h3 a6 17. Bg4 Ne4 18. bxc4 bxc4 19. Rb1 Nxc3 20. Qc1 Nxb1 21. Bxf5 exf5 22. Qxb1 f6 23. Nf3 Rab8 24. Qxf5 Rb2 25. a3 g6 26. Qg4 Ra2 27. Rb1 Rxa3 28. e4 a5 29. e5 Qe7 30. Rb5 Ra1+ 31. Kh2 a4 32. Nd2 f5 33. Qf3 Rc8 34. Qxd5+ Qf7 35. Qxf7+ Kxf7 36. Rb7+ Kg8 37. Rb2 c3 38. Rc2 cxd2 39. Rxd2 Rcc1 40. d5 f4 41. d6 Rh1# 0-1

[Event "GER-ch U10 Girls"]
[Site "Willingen"]
[Date "2023.05.28"]
[Round "1"]
[White "Kuebart, Ela Marie"]
[Black "Zietz, Leni"]
[Result "1-0"]
[WhiteElo "1198"]
[BlackElo "893"]
[PlyCount "25"]
[EventDate "2023.05.27"]
[EventType "swiss"]
[EventRounds "11"]
[EventCountry "GER"]
[SourceTitle "CBM 214 Extra"]
[Source "ChessBase"]
[SourceDate "2023.07.31"]
[SourceVersion "1"]
[SourceVersionDate "2023.07.31"]
[SourceQuality "1"]

1. e4 c5 2. Nc3 e6 3. Bc4 a6 4. a4 Qc7 5. d3 Nc6 6. Nf3 Nd4 7. Be3 e5 8. Nd5 Qa5+ 9. c3 Nxf3+ 10. Qxf3 b5 11. Nc7+ Qxc7 12. Qxf7+ Kd8 13. Qxf8# 1-0